<?xml version="1.0" encoding="UTF-8"?>
<collection xmlns="http://www.loc.gov/MARC21/slim">
    <record>
        <controlfield tag="001">62111</controlfield>
        <controlfield tag="005">20190709135442.0</controlfield>
        <datafield tag="024" ind1="7" ind2=" ">
            <subfield code="2">doi</subfield>
            <subfield code="a">10.1155/2017/3726361</subfield>
        </datafield>
        <datafield tag="024" ind1="8" ind2=" ">
            <subfield code="2">sideral</subfield>
            <subfield code="a">101156</subfield>
        </datafield>
        <datafield tag="037" ind1=" " ind2=" ">
            <subfield code="a">ART-2017-101156</subfield>
        </datafield>
        <datafield tag="041" ind1=" " ind2=" ">
            <subfield code="a">eng</subfield>
        </datafield>
        <datafield tag="100" ind1=" " ind2=" ">
            <subfield code="0">(orcid)0000-0003-0833-0680</subfield>
            <subfield code="a">Prados-Privado, María</subfield>
        </datafield>
        <datafield tag="245" ind1=" " ind2=" ">
            <subfield code="a">A new model to study fatigue in dental implants based on probabilistic finite elements and cumulative damage model</subfield>
        </datafield>
        <datafield tag="260" ind1=" " ind2=" ">
            <subfield code="c">2017</subfield>
        </datafield>
        <datafield tag="506" ind1="0" ind2=" ">
            <subfield code="a">Access copy available to the general public</subfield>
            <subfield code="f">Unrestricted</subfield>
        </datafield>
        <datafield tag="520" ind1="3" ind2=" ">
            <subfield code="a">The aim of this study was to predict the fatigue life of two different connections of a dental implant as in load transfer to bone. Two three-dimensional models were created and assembled. All models were subjected to a natural masticatory force of 118 N in the angle of 75° to the occlusal plane. All degrees of freedom in the inferior border of the cortical bone were restrained, and the mesial and distal borders of the end of the bone section were constrained. Fatigue material data and loads were assumed as random variables. Maximum principal stresses on bone were evaluated. Then, the probability of failure was obtained by the probabilistic approach. The maximum principal stress distribution predicted in the cortical and trabecular bone is 32 MPa for external connection and 39 MPa for internal connection. A mean life of 103 and 210 million cycles were obtained for external and internal connection, respectively. Probability cumulative function was also evaluated for both connection types. This stochastic model employs a cumulative damage model and probabilistic finite element method. This methodology allows the possibility of measured uncertainties and has a good precision on the results.</subfield>
        </datafield>
        <datafield tag="540" ind1=" " ind2=" ">
            <subfield code="9">info:eu-repo/semantics/openAccess</subfield>
            <subfield code="a">by</subfield>
            <subfield code="u">http://creativecommons.org/licenses/by/3.0/es/</subfield>
        </datafield>
        <datafield tag="590" ind1=" " ind2=" ">
            <subfield code="a">1.769</subfield>
            <subfield code="b">2017</subfield>
        </datafield>
        <datafield tag="591" ind1=" " ind2=" ">
            <subfield code="a">ROBOTICS</subfield>
            <subfield code="b">16 / 26 = 0.615</subfield>
            <subfield code="c">2017</subfield>
            <subfield code="d">Q3</subfield>
            <subfield code="e">T2</subfield>
        </datafield>
        <datafield tag="591" ind1=" " ind2=" ">
            <subfield code="a">ENGINEERING, BIOMEDICAL</subfield>
            <subfield code="b">49 / 78 = 0.628</subfield>
            <subfield code="c">2017</subfield>
            <subfield code="d">Q3</subfield>
            <subfield code="e">T2</subfield>
        </datafield>
        <datafield tag="592" ind1=" " ind2=" ">
            <subfield code="a">0.288</subfield>
            <subfield code="b">2017</subfield>
        </datafield>
        <datafield tag="593" ind1=" " ind2=" ">
            <subfield code="a">Bioengineering</subfield>
            <subfield code="c">2017</subfield>
            <subfield code="d">Q3</subfield>
        </datafield>
        <datafield tag="593" ind1=" " ind2=" ">
            <subfield code="a">Medicine (miscellaneous)</subfield>
            <subfield code="c">2017</subfield>
            <subfield code="d">Q3</subfield>
        </datafield>
        <datafield tag="593" ind1=" " ind2=" ">
            <subfield code="a">Biotechnology</subfield>
            <subfield code="c">2017</subfield>
            <subfield code="d">Q3</subfield>
        </datafield>
        <datafield tag="593" ind1=" " ind2=" ">
            <subfield code="a">Biomedical Engineering</subfield>
            <subfield code="c">2017</subfield>
            <subfield code="d">Q3</subfield>
        </datafield>
        <datafield tag="655" ind1=" " ind2="4">
            <subfield code="a">info:eu-repo/semantics/article</subfield>
            <subfield code="v">info:eu-repo/semantics/publishedVersion</subfield>
        </datafield>
        <datafield tag="700" ind1=" " ind2=" ">
            <subfield code="0">(orcid)0000-0002-9417-2705</subfield>
            <subfield code="a">Bea, José Antonio</subfield>
            <subfield code="u">Universidad de Zaragoza</subfield>
        </datafield>
        <datafield tag="700" ind1=" " ind2=" ">
            <subfield code="a">Rojo, Rosa</subfield>
        </datafield>
        <datafield tag="700" ind1=" " ind2=" ">
            <subfield code="a">Gehrke, Sergio A.</subfield>
        </datafield>
        <datafield tag="700" ind1=" " ind2=" ">
            <subfield code="a">Calvo-Guirado, José Luis</subfield>
        </datafield>
        <datafield tag="700" ind1=" " ind2=" ">
            <subfield code="a">Prados-Frutos, Juan Carlos</subfield>
        </datafield>
        <datafield tag="710" ind1="2" ind2=" ">
            <subfield code="1">5004</subfield>
            <subfield code="2">605</subfield>
            <subfield code="a">Universidad de Zaragoza</subfield>
            <subfield code="b">Dpto. Ingeniería Mecánica</subfield>
            <subfield code="c">Área Mec.Med.Cont. y Teor.Est.</subfield>
        </datafield>
        <datafield tag="773" ind1=" " ind2=" ">
            <subfield code="g">2017 (2017),  [8 pp.]</subfield>
            <subfield code="p">Applied bionics and biomechanics</subfield>
            <subfield code="t">Applied bionics and biomechanics</subfield>
            <subfield code="x">1176-2322</subfield>
        </datafield>
        <datafield tag="856" ind1="4" ind2=" ">
            <subfield code="s">2362305</subfield>
            <subfield code="u">http://zaguan.unizar.es/record/62111/files/texto_completo.pdf</subfield>
            <subfield code="y">Versión publicada</subfield>
        </datafield>
        <datafield tag="856" ind1="4" ind2=" ">
            <subfield code="s">29655</subfield>
            <subfield code="u">http://zaguan.unizar.es/record/62111/files/texto_completo.jpg?subformat=icon</subfield>
            <subfield code="x">icon</subfield>
            <subfield code="y">Versión publicada</subfield>
        </datafield>
        <datafield tag="909" ind1="C" ind2="O">
            <subfield code="o">oai:zaguan.unizar.es:62111</subfield>
            <subfield code="p">articulos</subfield>
            <subfield code="p">driver</subfield>
        </datafield>
        <datafield tag="951" ind1=" " ind2=" ">
            <subfield code="a">2019-07-09-11:36:30</subfield>
        </datafield>
        <datafield tag="980" ind1=" " ind2=" ">
            <subfield code="a">ARTICLE</subfield>
        </datafield>
    </record>

    
</collection>